000 00420nam a2200157Ia 4500
008 210716s2010 xx 000 0 und d
020 _a9780333926215
041 _aeng
082 _a658.404 GOPP
100 _aGopalakrishnan, P; Ramamoorthy, V E.
245 _aTextbook of project management.
250 _a1
260 _aNew Delhi
_bMacmillan India Ltd
_c2010
300 _axix,400
650 _aProject Management
999 _c207143
_d207143